[Event "GBR-ch111 Over 65"]
[Site "Liverpool"]
[Date "2025.08.06"]
[Round "3.18"]
[White "Dilleigh, Stephen P"]
[Black "Marshall, Michael O"]
[Result "1/2-1/2"]
[WhiteElo "2048"]
[BlackElo "1886"]
[PlyCount "48"]
[EventDate "2025.08.04"]
[EventType "swiss"]
[EventRounds "7"]
[EventCountry "GBR"]
[SourceTitle "BritBase"]
[Source "John Saunders"]
[SourceDate "2025.08.11"]
[SourceVersion "1"]
[SourceVersionDate "2025.08.11"]
[SourceQuality "1"]

1. Nf3 d5 2. d4 Nf6 3. c4 e6 4. Nc3 Be7 5. Bg5 h6 6. Bh4 O-O 7. e3 Ne4 8. Bxe7 Qxe7 9. Rc1 c6 10. Bd3 Nxc3 11. Rxc3 Nd7 12. Qc2 Re8 13. O-O e5 14. dxe5 dxc4 15. Rxc4 Qf8 16. Qc3 Nb6 17. Rd4 Be6 18. Bb1 c5 19. Rd6 Rac8 20. Rfd1 Qe7 21. h3 Nc4 22. R6d3 b5 23. e4 b4 24. Qc1 Qc7 1/2-1/2

[Event "GBR-ch111 Over 65"]
[Site "Liverpool"]
[Date "2025.08.06"]
[Round "3.19"]
[White "Stephens, Ian Paul"]
[Black "Jackson, Sheila"]
[Result "1/2-1/2"]
[WhiteElo "1877"]
[BlackElo "2046"]
[PlyCount "72"]
[EventDate "2025.08.04"]
[EventType "swiss"]
[EventRounds "7"]
[EventCountry "GBR"]
[SourceTitle "BritBase"]
[Source "John Saunders"]
[SourceDate "2025.08.11"]
[SourceVersion "1"]
[SourceVersionDate "2025.08.11"]
[SourceQuality "1"]

1. e4 c5 2. Nf3 Nc6 3. Bb5 d6 4. Nc3 Bd7 5. O-O e6 6. d3 Nf6 7. Bg5 Be7 8. Re1 O-O 9. h3 h6 10. Bf4 e5 11. Bh2 a6 12. Bxc6 Bxc6 13. Ne2 b5 14. Ng3 g6 15. Nf1 Rc8 16. Ne3 c4 17. Qd2 cxd3 18. cxd3 Kh7 19. Rac1 Qb6 20. Rc2 Qb7 21. Rec1 Bd7 22. Rxc8 Rxc8 23. Rxc8 Bxc8 24. Qc2 Be6 25. b3 Bd8 26. Bg3 Qc7 27. Qxc7 Bxc7 28. Kf1 Nh5 29. Bh2 Nf4 30. Bxf4 exf4 31. Nc2 Kg7 32. Nfd4 Bd7 33. f3 Bb6 34. Ne2 g5 35. d4 Kf6 36. Nb4 Ba5 1/2-1/2

[Event "GBR-ch111 Over 65"]
[Site "Liverpool"]
[Date "2025.08.06"]
[Round "3.20"]
[White "Moore, Geoffrey R"]
[Black "Costello, Colin A"]
[Result "1/2-1/2"]
[WhiteElo "1996"]
[BlackElo "1876"]
[PlyCount "49"]
[EventDate "2025.08.04"]
[EventType "swiss"]
[EventRounds "7"]
[EventCountry "GBR"]
[SourceTitle "BritBase"]
[Source "John Saunders"]
[SourceDate "2025.08.11"]
[SourceVersion "1"]
[SourceVersionDate "2025.08.11"]
[SourceQuality "1"]

1. Nf3 d5 2. g3 Nf6 3. Bg2 Nbd7 4. O-O e5 5. d3 Be7 6. c3 O-O 7. Nbd2 Re8 8. Qc2 c6 9. b4 Qc7 10. e4 a5 11. exd5 cxd5 12. bxa5 Qxa5 13. Re1 Bd6 14. c4 d4 15. Nb3 Qa4 16. Bg5 h6 17. Bxf6 Nxf6 18. c5 Bc7 19. Nfd2 Rb8 20. Nc4 Bd7 21. Re2 Bc6 22. Rae1 Bxg2 23. Kxg2 Qc6+ 24. Kg1 Qd5 25. Ncd2 1/2-1/2

[Event "GBR-ch111 Over 65"]
[Site "Liverpool"]
[Date "2025.08.06"]
[Round "3.21"]
[White "Newton, Robert A"]
[Black "Fegan, Chris"]
[Result "1-0"]
[WhiteElo "1851"]
[BlackElo "1994"]
[PlyCount "133"]
[EventDate "2025.08.04"]
[EventType "swiss"]
[EventRounds "7"]
[EventCountry "GBR"]
[SourceTitle "BritBase"]
[Source "John Saunders"]
[SourceDate "2025.08.11"]
[SourceVersion "1"]
[SourceVersionDate "2025.08.11"]
[SourceQuality "1"]

1. d4 c5 2. d5 d6 3. c4 b5 4. a4 bxc4 5. Nc3 g6 6. e4 Ba6 7. a5 Nf6 8. Bxc4 Bg7 9. h3 O-O 10. Qe2 Bxc4 11. Qxc4 Nbd7 12. Nf3 Rb8 13. Ra4 Qc7 14. O-O Rfc8 15. Re1 Rb7 16. Re2 Rcb8 17. Na2 Ne8 18. Nc3 Rb4 19. Qa2 a6 20. Bg5 Kf8 21. Nd1 Nef6 22. Bd2 Rb3 23. Bc3 Nh5 24. g3 Qb7 25. Kg2 Qb5 26. Bxg7+ Kxg7 27. Nc3 Qb7 28. Qa1 Nhf6 29. Ra2 Kg8 30. Qc1 Qb4 31. Qh6 Qc4 32. Nd2 Qd3 33. Nxb3 Rxb3 34. Rd2 Qc4 35. Qe3 Nxe4 36. Qxe4 Rxc3 37. Ra4 Qxe4+ 38. Rxe4 Rb3 39. Rxe7 Ne5 40. Rxe5 dxe5 41. d6 Rb8 42. d7 Rd8 43. Rd6 c4 44. Rxa6 Rxd7 45. Rc6 Rd5 46. a6 Ra5 47. Kf3 Kg7 48. Ke3 Ra2 49. Rb6 Kh6 50. f4 exf4+ 51. Kxf4 f5 52. Ke5 Kg5 53. Kd4 h5 54. Kxc4 h4 55. gxh4+ Kxh4 56. Kb3 Ra1 57. Rxg6 Kxh3 58. Kc3 f4 59. b4 f3 60. b5 f2 61. Rf6 Kg2 62. Kb4 Rb1+ 63. Ka5 Rb3 64. a7 Ra3+ 65. Kb6 Kg3 66. Rxf2 Kxf2 67. Kb7 1-0

[Event "GBR-ch111 Over 65"]
[Site "Liverpool"]
[Date "2025.08.06"]
[Round "3.22"]
[White "Clark, Robert G"]
[Black "Wilson, Edgar"]
[Result "1/2-1/2"]
[WhiteElo "1991"]
[BlackElo "1866"]
[PlyCount "91"]
[EventDate "2025.08.04"]
[EventType "swiss"]
[EventRounds "7"]
[EventCountry "GBR"]
[SourceTitle "BritBase"]
[Source "John Saunders"]
[SourceDate "2025.08.11"]
[SourceVersion "1"]
[SourceVersionDate "2025.08.11"]
[SourceQuality "1"]

1. e4 e6 2. d4 d5 3. Nc3 Bb4 4. e5 c5 5. a3 Bxc3+ 6. bxc3 Ne7 7. Qg4 O-O 8. Bd3 f5 9. exf6 Rxf6 10. Bg5 Rf7 11. Qh4 h6 12. Nf3 Nbc6 13. O-O c4 14. Bxe7 Qxe7 15. Qxe7 Rxe7 16. Bg6 e5 17. Nxe5 Nxe5 18. dxe5 Re6 19. Bh5 Rxe5 20. Bf3 Bf5 21. Rae1 Be4 22. Bxe4 dxe4 23. f4 Re6 24. Kf2 Rd8 25. Ke3 Red6 26. Rb1 Rd2 27. Rxb7 Rxc2 28. Rxa7 Rd3+ 29. Kxe4 Re2+ 30. Kf5 Rd5+ 31. Kg4 Rxg2+ 32. Kf3 Rxh2 33. Rg1 Rd3+ 34. Ke4 Re2+ 35. Kf5 Rd5+ 36. Kg4 g5 37. Rb1 Re8 38. Rbb7 gxf4 39. Rg7+ Kh8 40. Rh7+ Kg8 41. Rhg7+ Kh8 42. Rh7+ Kg8 43. Rxh6 Rd3 44. Rg6+ Kf8 45. Rf6+ Kg8 46. Rg6+ 1/2-1/2

[Event "GBR-ch111 Over 65"]
[Site "Liverpool"]
[Date "2025.08.06"]
[Round "3.23"]
[White "Kane, Robert"]
[Black "Fletcher, John T"]
[Result "0-1"]
[WhiteElo "1834"]
[BlackElo "1981"]
[PlyCount "56"]
[EventDate "2025.08.04"]
[EventType "swiss"]
[EventRounds "7"]
[EventCountry "GBR"]
[SourceTitle "BritBase"]
[Source "John Saunders"]
[SourceDate "2025.08.11"]
[SourceVersion "1"]
[SourceVersionDate "2025.08.11"]
[SourceQuality "1"]

1. d4 Nf6 2. Nf3 d5 3. Bf4 e6 4. e3 Bd6 5. Ne5 O-O 6. Bd3 c5 7. c3 c4 8. Bc2 Qb6 9. Nd2 Qc7 10. g4 Nc6 11. g5 Nd7 12. Nxc6 bxc6 13. Qh5 g6 14. Qh6 Bxf4 15. exf4 Qxf4 16. h4 Nf6 17. f3 Qe3+ 18. Kd1 Nh5 19. f4 Rb8 20. Re1 Qg3 21. b3 Qxc3 22. Rc1 Qxd4 23. bxc4 e5 24. f5 Qg4+ 25. Re2 Nf4 26. Bd3 Nxd3 27. f6 Qg1+ 28. Kc2 Rb2+ 0-1

[Event "GBR-ch111 Over 65"]
[Site "Liverpool"]
[Date "2025.08.06"]
[Round "3.24"]
[White "Hodge, Steve R"]
[Black "Stevens, Brian"]
[Result "1-0"]
[WhiteElo "1973"]
[BlackElo "1833"]
[PlyCount "79"]
[EventDate "2025.08.04"]
[EventType "swiss"]
[EventRounds "7"]
[EventCountry "GBR"]
[SourceTitle "BritBase"]
[Source "John Saunders"]
[SourceDate "2025.08.11"]
[SourceVersion "1"]
[SourceVersionDate "2025.08.11"]
[SourceQuality "1"]

1. e4 c6 2. d4 d5 3. exd5 cxd5 4. Nf3 Nc6 5. Bb5 a6 6. Bxc6+ bxc6 7. c4 e6 8. c5 a5 9. O-O Qc7 10. Nc3 Nf6 11. Re1 Nd7 12. Bg5 h6 13. Bh4 Qf4 14. Qa4 Ra6 15. Bg3 Qg4 16. h3 Qg6 17. Ne2 Be7 18. Nf4 Qf5 19. Ne5 Nxe5 20. Rxe5 Qf6 21. Re3 O-O 22. Nd3 Qf5 23. Rf3 Qh5 24. Re1 f6 25. Bd6 Qf7 26. Ne5 Qe8 27. Bxe7 Qxe7 28. Ng6 Qb7 29. Nxf8 Kxf8 30. Qc2 Kg8 31. Qg6 Qe7 32. Rb3 Ra8 33. Qg3 Kf7 34. Rb6 Bb7 35. Re3 Rd8 36. Reb3 Bc8 37. Rxc6 e5 38. dxe5 Qxe5 39. Qxe5 fxe5 40. Rb8 1-0

[Event "GBR-ch111 Over 65"]
[Site "Liverpool"]
[Date "2025.08.06"]
[Round "3.25"]
[White "De Coverly, Roger D"]
[Black "Jerome, Stellio"]
[Result "1-0"]
[WhiteElo "1969"]
[BlackElo "1669"]
[PlyCount "73"]
[EventDate "2025.08.04"]
[EventType "swiss"]
[EventRounds "7"]
[EventCountry "GBR"]
[SourceTitle "BritBase"]
[Source "John Saunders"]
[SourceDate "2025.08.11"]
[SourceVersion "1"]
[SourceVersionDate "2025.08.11"]
[SourceQuality "1"]

1. e4 e6 2. d3 d5 3. Qe2 Nf6 4. Nf3 Nc6 5. g3 Bc5 6. Bg2 O-O 7. O-O Re8 8. e5 Nd7 9. c3 a5 10. d4 Be7 11. Re1 b6 12. Qc2 Ba6 13. Nbd2 Rc8 14. Nf1 Na7 15. h4 h6 16. N1h2 c5 17. Qd1 cxd4 18. Nxd4 Nc5 19. Qg4 Kh8 20. Qh5 Nd3 21. Bf1 Bc4 22. Bxd3 Bxd3 23. Qxf7 Bf5 24. Nxf5 exf5 25. Qxf5 Rf8 26. Qd3 Bc5 27. Be3 Qd7 28. e6 Qe7 29. Qxd5 Bxe3 30. Rxe3 Rcd8 31. Qe5 Rd6 32. Ng4 Nc6 33. Qe4 Nd8 34. Ne5 Qxe6 35. h5 Kg8 36. Ng6 Rf6 37. Qa4 1-0

[Event "GBR-ch111 Over 65"]
[Site "Liverpool"]
[Date "2025.08.06"]
[Round "3.26"]
[White "Goodwin, Ed H"]
[Black "Sage, Geoffrey W"]
[Result "1-0"]
[WhiteElo "1827"]
[BlackElo "1960"]
[PlyCount "71"]
[EventDate "2025.08.04"]
[EventType "swiss"]
[EventRounds "7"]
[EventCountry "GBR"]
[SourceTitle "BritBase"]
[Source "John Saunders"]
[SourceDate "2025.08.11"]
[SourceVersion "1"]
[SourceVersionDate "2025.08.11"]
[SourceQuality "1"]

1. d4 Nf6 2. c4 c5 3. d5 e5 4. Nc3 d6 5. e4 Be7 6. Nf3 O-O 7. Be2 Ne8 8. O-O a6 9. a3 g6 10. Ne1 Bg5 11. Nd3 Nd7 12. b4 b6 13. Rb1 Ng7 14. g3 Bxc1 15. Qxc1 f5 16. f4 Qe7 17. Bf3 Qf6 18. Bg2 exf4 19. Nxf4 Qd4+ 20. Kh1 Nf6 21. Nce2 Qe5 22. Nd3 Qe8 23. e5 dxe5 24. bxc5 e4 25. Ndf4 bxc5 26. Qe3 Qe7 27. Rb6 Nd7 28. Rb3 Ne5 29. Qc3 Ne8 30. Ne6 Nd3 31. Nxf8 Kxf8 32. Qh8+ Kf7 33. Qxh7+ Ng7 34. Rb6 Ne5 35. Nf4 Nxc4 36. Rxg6 1-0

[Event "GBR-ch111 Over 65"]
[Site "Liverpool"]
[Date "2025.08.06"]
[Round "3.27"]
[White "Campbell, Ian"]
[Black "Robinson, David"]
[Result "1/2-1/2"]
[WhiteElo "1952"]
[BlackElo "1784"]
[PlyCount "90"]
[EventDate "2025.08.04"]
[EventType "swiss"]
[EventRounds "7"]
[EventCountry "GBR"]
[SourceTitle "BritBase"]
[Source "John Saunders"]
[SourceDate "2025.08.11"]
[SourceVersion "1"]
[SourceVersionDate "2025.08.11"]
[SourceQuality "1"]

1. Nf3 Nf6 2. e3 d6 3. d4 Nbd7 4. c4 e5 5. Nc3 c6 6. Be2 Be7 7. Qc2 Qc7 8. a3 b6 9. b3 O-O 10. Bb2 Re8 11. Rc1 Bf8 12. e4 a6 13. d5 c5 14. Rb1 g6 15. Bc1 Bg7 16. h3 Nh5 17. g3 Nf8 18. Nh4 Nf6 19. Be3 h6 20. Qd2 Kh7 21. Kf1 Rb8 22. Kg2 Ng8 23. Bd3 Bd7 24. a4 Qd8 25. Qc2 Qe7 26. Rbe1 Bc8 27. Nf3 a5 28. Nd2 Nd7 29. Nf1 Rf8 30. g4 Rb7 31. Ng3 Nb8 32. Qe2 Na6 33. Bb1 Nb4 34. h4 Re8 35. f3 Qf8 36. Bd2 Qe7 37. Nd1 Bh8 38. Ne3 Kg7 39. Reg1 Kf8 40. Kf2 Bg7 41. Rg2 Rd8 42. Ke1 Ke8 43. Kd1 Bd7 44. Rgh2 Rdb8 45. Rg1 Kd8 1/2-1/2

[Event "GBR-ch111 Over 65"]
[Site "Liverpool"]
[Date "2025.08.06"]
[Round "3.28"]
[White "Armstrong, William G"]
[Black "Hutchinson, Paul A"]
[Result "0-1"]
[WhiteElo "1875"]
[BlackElo "2019"]
[PlyCount "66"]
[EventDate "2025.08.04"]
[EventType "swiss"]
[EventRounds "7"]
[EventCountry "GBR"]
[SourceTitle "BritBase"]
[Source "John Saunders"]
[SourceDate "2025.08.11"]
[SourceVersion "1"]
[SourceVersionDate "2025.08.11"]
[SourceQuality "1"]

1. e4 d5 2. e5 Bf5 3. d3 e6 4. Nd2 c5 5. g4 Bg6 6. Bg2 Ne7 7. Ne2 h6 8. Nf4 Nd7 9. Nf3 Qc7 10. Qe2 Bh7 11. O-O Nc6 12. Re1 Be7 13. Nh5 O-O 14. h4 Rac8 15. Bf4 Nd4 16. Qd2 Nxf3+ 17. Bxf3 Bg6 18. Nxg7 Kxg7 19. Bxh6+ Kg8 20. Bxf8 Rxf8 21. Qf4 Bf6 22. Kg2 Bxe5 23. Qg5 Bf4 24. Qe7 Qd8 25. Rxe6 fxe6 26. Qxe6+ Bf7 27. Qf5 Be5 28. g5 Qe7 29. Re1 Qe6 30. Bg4 Re8 31. f4 Qxf5 32. Bxf5 Bxf4 33. Rxe8+ Bxe8 0-1

[Event "GBR-ch111 Over 65"]
[Site "Liverpool"]
[Date "2025.08.06"]
[Round "3.29"]
[White "Prince, Alan R"]
[Black "Gregg, Alan M"]
[Result "1-0"]
[WhiteElo "1791"]
[BlackElo "1930"]
[PlyCount "79"]
[EventDate "2025.08.04"]
[EventType "swiss"]
[EventRounds "7"]
[EventCountry "GBR"]
[SourceTitle "BritBase"]
[Source "John Saunders"]
[SourceDate "2025.08.11"]
[SourceVersion "1"]
[SourceVersionDate "2025.08.11"]
[SourceQuality "1"]

1. Nf3 c5 2. g3 d5 3. Bg2 Nc6 4. O-O Nf6 5. d3 e5 6. Nbd2 Be7 7. e4 O-O 8. a4 Bg4 9. h3 Bh5 10. c3 Rb8 11. Qb3 dxe4 12. dxe4 Bg6 13. Re1 a6 14. Nh4 b5 15. Nf5 c4 16. Nxe7+ Qxe7 17. Qa2 Nd7 18. b3 cxb3 19. Nxb3 Rfc8 20. axb5 axb5 21. Ba3 Qe6 22. Nc5 Qxa2 23. Rxa2 Nf8 24. Rb1 Na5 25. Bb4 Nc4 26. Rba1 f6 27. Ra7 Bf7 28. R1a6 Nb6 29. Nb7 Nc4 30. Nd6 Nxd6 31. Bxd6 b4 32. Bxb8 Rxb8 33. cxb4 Rxb4 34. Rc7 Rc4 35. Re7 Rc1+ 36. Kh2 Rc2 37. Raa7 Bc4 38. Rxg7+ Kh8 39. Rgc7 Bd3 40. Rxc2 1-0

[Event "GBR-ch111 Over 65"]
[Site "Liverpool"]
[Date "2025.08.06"]
[Round "3.30"]
[White "Clare, Steve"]
[Black "Moore, Gerald"]
[Result "1/2-1/2"]
[WhiteElo "1709"]
[BlackElo "1928"]
[PlyCount "60"]
[EventDate "2025.08.04"]
[EventType "swiss"]
[EventRounds "7"]
[EventCountry "GBR"]
[SourceTitle "BritBase"]
[Source "John Saunders"]
[SourceDate "2025.08.11"]
[SourceVersion "1"]
[SourceVersionDate "2025.08.11"]
[SourceQuality "1"]

1. e4 c5 2. d4 cxd4 3. c3 d5 4. exd5 Nf6 5. Qa4+ Nbd7 6. Qxd4 Nb6 7. Bb5+ Bd7 8. Bxd7+ Qxd7 9. Nf3 Qxd5 10. Qxd5 Nbxd5 11. O-O e6 12. Nbd2 Be7 13. Nc4 O-O 14. h3 Rac8 15. Ne3 Nf4 16. g3 Nd3 17. Ne1 Nc5 18. Kg2 Rfd8 19. N1c2 b5 20. Rd1 Rxd1 21. Nxd1 Nd3 22. f3 h6 23. Nf2 Nxc1 24. Rxc1 b4 25. Nd1 Nd5 26. Nce3 Nxe3+ 27. Nxe3 bxc3 28. bxc3 Kf8 29. Kf2 Ke8 30. Ke2 Rb8 1/2-1/2

[Event "GBR-ch111 Over 65"]
[Site "Liverpool"]
[Date "2025.08.06"]
[Round "3.31"]
[White "Hawkins, James N"]
[Black "Tedd, Bernie"]
[Result "0-1"]
[WhiteElo "1908"]
[BlackElo "1740"]
[PlyCount "108"]
[EventDate "2025.08.04"]
[EventType "swiss"]
[EventRounds "7"]
[EventCountry "GBR"]
[SourceTitle "BritBase"]
[Source "John Saunders"]
[SourceDate "2025.08.11"]
[SourceVersion "1"]
[SourceVersionDate "2025.08.11"]
[SourceQuality "1"]

1. d4 Nf6 2. Nf3 g6 3. c4 Bg7 4. Nc3 O-O 5. e4 d6 6. h3 Nbd7 7. Be3 e5 8. d5 Qe7 9. Be2 c5 10. Qd2 Kh8 11. Bg5 a6 12. O-O-O b5 13. cxb5 axb5 14. Bxb5 Ba6 15. Bxa6 Rxa6 16. Qd3 Ra5 17. Nd2 Nb6 18. Nc4 Nxc4 19. Qxc4 Rb8 20. a3 Qb7 21. Rd2 Nd7 22. Be3 Nb6 23. Qa2 Qa6 24. Rc2 Nc4 25. Nb1 Nxe3 26. fxe3 Qd3 27. Nd2 Qxe3 28. Rc3 Qe2 29. Qc4 Qxg2 30. Qf1 Qxf1+ 31. Rxf1 Bh6 32. Rxf7 Bxd2+ 33. Kxd2 Rxb2+ 34. Kc1 Rab5 35. Rcf3 Rb1+ 36. Kc2 R5b2+ 37. Kc3 Rb3+ 38. Kc2 R1b2+ 39. Kc1 Rxf3 40. Rxf3 Rb7 41. Rf6 Rd7 42. Kb2 Kg7 43. Re6 g5 44. a4 h5 45. Re8 Rb7+ 46. Kc3 g4 47. hxg4 hxg4 48. a5 g3 49. a6 Ra7 50. Rb8 Rxa6 51. Rb2 Kg6 52. Kd3 Kg5 53. Rb8 Ra3+ 54. Ke2 Kf4 0-1

[Event "GBR-ch111 Over 65"]
[Site "Liverpool"]
[Date "2025.08.06"]
[Round "3.32"]
[White "Butterworth, Joe W"]
[Black "Erdogan, Hassan"]
[Result "1/2-1/2"]
[WhiteElo "1692"]
[BlackElo "1792"]
[PlyCount "77"]
[EventDate "2025.08.04"]
[EventType "swiss"]
[EventRounds "7"]
[EventCountry "GBR"]
[SourceTitle "BritBase"]
[Source "John Saunders"]
[SourceDate "2025.08.11"]
[SourceVersion "1"]
[SourceVersionDate "2025.08.11"]
[SourceQuality "1"]

1. d4 d6 2. Nf3 Nd7 3. c4 e5 4. e4 Ngf6 5. Nc3 c6 6. Be2 Be7 7. O-O a5 8. h3 O-O 9. Be3 Qc7 10. Rc1 Re8 11. d5 Nf8 12. b3 Ng6 13. Qd2 Rf8 14. Rfd1 c5 15. Ne1 b6 16. Nd3 Ne8 17. g4 Qd8 18. Rf1 h6 19. f4 exf4 20. Nxf4 Nxf4 21. Bxf4 Bf6 22. Kg2 Qe7 23. Bf3 Be5 24. Rce1 Qf6 25. Bxe5 Qxe5 26. Ne2 Kh7 27. Ng3 g6 28. Rf2 Ra7 29. Ref1 f6 30. Be2 Raf7 31. Bd3 Bd7 32. Bb1 Kg7 33. Qd3 Nc7 34. a4 Ne8 35. Ne2 Bc8 36. Nf4 Bd7 37. Qf3 Qg5 38. Kh2 Qe5 39. Kg2 1/2-1/2

[Event "GBR-ch111 Over 65"]
[Site "Liverpool"]
[Date "2025.08.06"]
[Round "3.33"]
[White "Wright, George A"]
[Black "Ewart, Brian R"]
[Result "0-1"]
[WhiteElo "1540"]
[BlackElo "1906"]
[PlyCount "82"]
[EventDate "2025.08.04"]
[EventType "swiss"]
[EventRounds "7"]
[EventCountry "GBR"]
[SourceTitle "BritBase"]
[Source "John Saunders"]
[SourceDate "2025.08.11"]
[SourceVersion "1"]
[SourceVersionDate "2025.08.11"]
[SourceQuality "1"]

1. d4 d5 2. Nf3 Nf6 3. e3 c5 4. c3 e6 5. Bd3 Nc6 6. O-O Bd6 7. Nbd2 O-O 8. dxc5 Bxc5 9. e4 dxe4 10. Nxe4 Nxe4 11. Bxe4 Qxd1 12. Rxd1 f6 13. h4 a5 14. Bxc6 bxc6 15. Be3 Bxe3 16. fxe3 a4 17. Rd6 c5 18. Rc6 Bd7 19. Rxc5 Rfb8 20. Rb1 e5 21. e4 Be6 22. a3 Bb3 23. Nd2 Bc2 24. Rc1 Rxb2 25. Nc4 Ra2 26. Rb5 Bxe4 27. Nd6 Bxg2 28. Rcb1 Kf8 29. Rb8+ Rxb8 30. Rxb8+ Ke7 31. Nf5+ Ke6 32. Ne3 Bc6 33. Nc4 e4 34. Rb2 Ra1+ 35. Kf2 f5 36. Rd2 Bd5 37. Ne3 Bb3 38. Nc2 Bxc2 39. Rxc2 f4 40. c4 Rxa3 41. c5 Kd7 0-1

[Event "GBR-ch111 Over 65"]
[Site "Liverpool"]
[Date "2025.08.06"]
[Round "3.34"]
[White "Clancy, Martin J"]
[Black "Phillips, William"]
[Result "1/2-1/2"]
[WhiteElo "1765"]
[BlackElo "1832"]
[PlyCount "23"]
[EventDate "2025.08.04"]
[EventType "swiss"]
[EventRounds "7"]
[EventCountry "GBR"]
[SourceTitle "BritBase"]
[Source "John Saunders"]
[SourceDate "2025.08.11"]
[SourceVersion "1"]
[SourceVersionDate "2025.08.11"]
[SourceQuality "1"]

1. e4 d6 2. d4 Nf6 3. Nc3 g6 4. Be2 Bg7 5. Be3 O-O 6. h3 c6 7. Qd2 b5 8. Bd3 b4 9. Nce2 Qb6 10. c4 c5 11. Nf3 Nfd7 12. O-O 1/2-1/2

[Event "GBR-ch111 Over 65"]
[Site "Liverpool"]
[Date "2025.08.06"]
[Round "3.35"]
[White "Barnes, David"]
[Black "Dennis, Nigel W"]
[Result "0-1"]
[WhiteElo "1758"]
[BlackElo "1824"]
[PlyCount "140"]
[EventDate "2025.08.04"]
[EventType "swiss"]
[EventRounds "7"]
[EventCountry "GBR"]
[SourceTitle "BritBase"]
[Source "John Saunders"]
[SourceDate "2025.08.11"]
[SourceVersion "1"]
[SourceVersionDate "2025.08.11"]
[SourceQuality "1"]

1. e4 c5 2. d4 cxd4 3. c3 d5 4. Qxd4 Nc6 5. Qxd5 Be6 6. Qxd8+ Rxd8 7. Ne2 Nf6 8. f3 Bc4 9. Be3 Ne5 10. Nc1 a6 11. Nd2 Bxf1 12. Rxf1 e6 13. Ke2 Nfd7 14. Rb1 Bc5 15. Bxc5 Nxc5 16. Ndb3 Na4 17. Rd1 Ke7 18. Nd3 Nc4 19. Rdc1 Rd7 20. Nbc5 Nxc5 21. Nxc5 Rd2+ 22. Kf1 Ne3+ 23. Kg1 Rhd8 24. Nb3 Rxg2+ 25. Kh1 Rg6 26. Re1 Nc4 27. Re2 e5 28. Rbe1 b6 29. Na1 Rgd6 30. Kg2 Rd2 31. b3 Ne3+ 32. Kh3 Rxe2 33. Rxe2 Nd1 34. c4 Rd3 35. Kg3 Nc3 36. Rc2 Nxe4+ 37. Kg2 Rd2+ 38. Rxd2 Nxd2 39. Nc2 e4 40. f4 f5 41. Nd4 g6 42. Kf2 Nb1 43. Ke3 Kd6 44. Nc2 Kc5 45. a3 Nc3 46. Kd2 Na2 47. Ne3 a5 48. h3 b5 49. cxb5 Kxb5 50. Kc2 Kc5 51. Kb2 Kd4 52. Nd1 e3 53. Nxe3 Kxe3 54. Kxa2 Kxf4 55. b4 axb4 56. axb4 Ke4 57. Kb2 Kd4 58. Kc2 Kc4 59. Kd2 Kxb4 60. Ke3 Kc3 61. Kf4 Kd4 62. h4 h5 63. Kg5 Ke4 64. Kxg6 f4 65. Kxh5 f3 66. Kg6 f2 67. h5 f1=Q 68. h6 Qf8 69. Kh7 Ke5 70. Kg6 Qg8+ 0-1

[Event "GBR-ch111 Over 65"]
[Site "Liverpool"]
[Date "2025.08.06"]
[Round "3.36"]
[White "Hall, Alan A"]
[Black "Stinson, William James"]
[Result "1-0"]
[WhiteElo "1824"]
[BlackElo "1720"]
[PlyCount "85"]
[EventDate "2025.08.04"]
[EventType "swiss"]
[EventRounds "7"]
[EventCountry "GBR"]
[SourceTitle "BritBase"]
[Source "John Saunders"]
[SourceDate "2025.08.11"]
[SourceVersion "1"]
[SourceVersionDate "2025.08.11"]
[SourceQuality "1"]

1. d4 Nf6 2. Nf3 g6 3. c4 Bg7 4. Bf4 O-O 5. e3 d6 6. Be2 Nbd7 7. Nc3 a6 8. h3 c5 9. O-O Re8 10. Bh2 cxd4 11. exd4 b6 12. Qc2 Bb7 13. Rfd1 d5 14. a4 dxc4 15. Ne5 Nd5 16. Bxc4 e6 17. Ne4 Nb4 18. Qe2 Bxe4 19. Qxe4 Nf6 20. Qe2 Nfd5 21. Ra3 Bxe5 22. dxe5 Re7 23. h4 Rd7 24. Qf3 Qxh4 25. Bxd5 Nxd5 26. Bg3 Qe7 27. Rad3 Rad8 28. Rd4 Rc8 29. Bh4 Qf8 30. Qh3 Nf4 31. Qe3 Rxd4 32. Rxd4 Nd5 33. Qf3 a5 34. Bg5 Rc2 35. Qh3 f5 36. exf6 Qf7 37. Qd3 Rxb2 38. Rc4 h5 39. Rc8+ Kh7 40. Qa3 Rb4 41. Qg3 Rxa4 42. Qd6 b5 43. Qd8 1-0

[Event "GBR-ch111 Over 65"]
[Site "Liverpool"]
[Date "2025.08.06"]
[Round "3.37"]
[White "Lawrence, Roy A"]
[Black "Pugh, Glyn D"]
[Result "1/2-1/2"]
[WhiteElo "1693"]
[BlackElo "1824"]
[PlyCount "87"]
[EventDate "2025.08.04"]
[EventType "swiss"]
[EventRounds "7"]
[EventCountry "GBR"]
[SourceTitle "BritBase"]
[Source "John Saunders"]
[SourceDate "2025.08.11"]
[SourceVersion "1"]
[SourceVersionDate "2025.08.11"]
[SourceQuality "1"]

1. Nf3 d5 2. d4 Nf6 3. g3 c5 4. Bg2 cxd4 5. Nxd4 e5 6. Nb3 Nc6 7. Bg5 Be6 8. c3 Be7 9. O-O O-O 10. N1d2 Qb6 11. Be3 d4 12. cxd4 exd4 13. Bg5 h6 14. Bxf6 Bxf6 15. Rc1 d3 16. exd3 Bxb2 17. Nc4 Bxc4 18. Rxc4 Rad8 19. Qc2 Bf6 20. Bxc6 bxc6 21. Rxc6 Qb5 22. Rd1 Rfe8 23. Qc5 Qb8 24. Rc7 Re2 25. Qxa7 Qb4 26. Rd7 Rde8 27. Rf1 Qb5 28. Nd4 Bxd4 29. Qxd4 Rxa2 30. Rd5 Qb8 31. Rd7 Rae2 32. Qc4 R2e6 33. d4 Rc8 34. Qd5 Qb6 35. Rb7 Qd8 36. Qf5 Rc7 37. Rxc7 Qxc7 38. d5 Re5 39. Qd3 Qd6 40. Rd1 g6 41. Qc4 Re8 42. Qa4 Rd8 43. Qh4 h5 44. Qe4 1/2-1/2

[Event "GBR-ch111 Over 65"]
[Site "Liverpool"]
[Date "2025.08.06"]
[Round "3.38"]
[White "Mak, Janos"]
[Black "Clissold, Julian C"]
[Result "0-1"]
[WhiteElo "1804"]
[BlackElo "1654"]
[PlyCount "122"]
[EventDate "2025.08.04"]
[EventType "swiss"]
[EventRounds "7"]
[EventCountry "GBR"]
[SourceTitle "BritBase"]
[Source "John Saunders"]
[SourceDate "2025.08.11"]
[SourceVersion "1"]
[SourceVersionDate "2025.08.11"]
[SourceQuality "1"]

1. e4 e6 2. d4 d5 3. Nc3 dxe4 4. Nxe4 Bd7 5. Nf3 Bc6 6. Bd3 Nd7 7. Be3 Ngf6 8. Ng3 Bd6 9. Qe2 Nd5 10. c3 Nf4 11. Bxf4 Bxf4 12. Be4 Bxe4 13. Qxe4 Bxg3 14. hxg3 Nf6 15. Qxb7 O-O 16. Qb3 Rb8 17. Qc2 Qd5 18. Rh2 Qe4+ 19. Kd2 Qb7 20. b3 c5 21. Rah1 h6 22. Kc1 cxd4 23. Nxd4 Qe4 24. f3 Qe3+ 25. Qd2 Qxd2+ 26. Kxd2 Rfd8 27. Kc2 Rbc8 28. Ne2 Nd5 29. c4 Nb4+ 30. Kb2 Rd2+ 31. Kc3 Rxe2 32. Kxb4 Rxa2 33. Rb1 Rd8 34. c5 Rc2 35. Rh5 Rb8+ 36. Ka3 f5 37. b4 a5 38. Rh4 axb4+ 39. Rhxb4 Ra8+ 40. Ra4 Rxa4+ 41. Kxa4 Rxc5 42. Re1 Kf7 43. Re2 Kf6 44. Kb4 Rc8 45. f4 g5 46. Re1 Rc2 47. Rh1 Kg6 48. Re1 Rxg2 49. Rxe6+ Kh5 50. Rf6 Rxg3 51. Rxf5 Rg4 52. Kc3 Rxf4 53. Re5 Kh4 54. Kd3 g4 55. Ke3 Rf3+ 56. Ke2 h5 57. Rd5 Rf8 58. Rd1 g3 59. Rh1+ Kg4 60. Rg1 h4 61. Rd1 g2 0-1